Statistics for Cities of Los Angeles County Map

Click here to take the quiz!

General Stats

  • This quiz has been taken 204 times
  • The average score is 31 of 88

Answer Stats

Answer % Correct
Los Angeles
92%
Santa Monica
86%
Long Beach
83%
Compton
75%
Pasadena
75%
Beverly Hills
69%
Malibu
67%
Burbank
63%
Torrance
63%
Santa Clarita
63%
Inglewood
56%
Glendale
56%
Palmdale
53%
Lancaster
53%
Pomona
52%
West Hollywood
48%
Downey
47%
West Covina
47%
San Fernando
44%
Alhambra
42%
Whittier
42%
Culver City
41%
Covina
41%
Carson
39%
El Monte
39%
Norwalk
39%
Manhattan Beach
38%
Hawthorne
38%
Redondo Beach
38%
Lakewood
36%
Calabasas
34%
Rancho Palos Verdes
34%
Palos Verdes Estates
33%
San Dimas
33%
Bell
33%
Hermosa Beach
33%
Azusa
33%
Avalon
33%
Industry
31%
South Gate
31%
Gardena
31%
Diamond Bar
31%
Cerritos
31%
Commerce
30%
El Segundo
30%
Arcadia
30%
Pico Rivera
28%
Monterey Park
28%
Montebello
28%
Rolling Hills
27%
Claremont
27%
La CaƱada Flintridge
27%
South Pasadena
27%
Signal Hill
27%
Monrovia
25%
Duarte
25%
Santa Fe Springs
25%
Bellflower
25%
San Marino
25%
Bell Gardens
25%
Glendora
23%
Rosemead
23%
Hawaiian Gardens
23%
Vernon
23%
Hidden Hills
23%
Lynwood
23%
Huntington Park
23%
Paramount
23%
Rolling Hills Estates
23%
Temple City
22%
San Gabriel
22%
Walnut
22%
Westlake Village
20%
Cudahy
20%
Baldwin Park
20%
La Mirada
20%
Sierra Madre
20%
Lomita
19%
Lawndale
19%
La Verne
19%
South El Monte
17%
Irwindale
17%
Maywood
16%
La Puente
16%
Bradbury
16%
Artesia
16%
La Habra Heights
16%
Agoura Hills
16%

Score Distribution

Percentile by Number Answered

Percent of People with Each Score

Your Score History

You have not taken this quiz